000 00765nam a2200217Ia 4500
003 GCL
008 140319s9999 xx 000 0 ara d
040 _aGCL /
_cGCL
082 0 4 _a146.3
_bس م
100 1 _aجمال الاتاسى
245 1 0 _aالمذهب المادى والثورة /
_cجمال الاتاسى
700 1 _aسارتر ، جان بول
700 1 _aسامى الدروبى (مترجم)
260 _aسوريا :
_bدار اليقظه العربيه للتاليف والترجمه والنشر ،
_c1960
300 _a112 ص ؛
_c24 سم
490 _aدراسات فى الفكر السياسى
_v0
650 0 4 _aالمادية
650 0 4 _aسارتر، جان بول
650 0 4 _aالفلسفة - مذاهب
942 _2ddc
_cBK
999 _c41122
_d41122